00251nam a2200085 4500008004100000040005500041080002400096245003600120260000900156240910b |||||||| |||| 00| 0 eng d aNational Science LibrarycNational Science Library a581.6(084.1)=51bJ7 aIllustration mannual of plants  c1957